Industria manufacturera de productos alimenticios: capítulo 1, "La industrialización"

Estudio de la industria de la alimentación en Honduras examina el desarrollo de la actividad industrial, básicamente a partir de 1940, comparandoila con otros sectores productivos, caracteriza el papel de la artesanía en la economía nacinal, así como los factores de la industria: empleo productivida...

Cijeli opis

Spremljeno u:
Bibliografski detalji
Glavni autor: Orellana, Manuel Antonio
Format: Tekst
Izdano: Tegucigalpa :
Teme:
Oznake: Dodaj oznaku
Bez oznaka, Budi prvi tko označuje ovaj zapis!

MARC

LEADER 00000 a a2200000 04500
001 16398
003
040
090 |a 013000  
100 |a Orellana, Manuel Antonio  
245 |a Industria manufacturera de productos alimenticios: capítulo 1, "La industrialización"  
260 |a Tegucigalpa :  
300 |a 35 p  
520 |a Estudio de la industria de la alimentación en Honduras examina el desarrollo de la actividad industrial, básicamente a partir de 1940, comparandoila con otros sectores productivos, caracteriza el papel de la artesanía en la economía nacinal, así como los factores de la industria: empleo productividad, e inversiones de materia prima y otros materiales, establee la estructura de comercio exterior de productos alimenticios y ubica geográficamente este tipo de actividad./ACM  
650 |a HONDURAS  
650 |a INDUSTRIA ALIMENTARIA  
650 |a ARTESANIA  
999 |c 12130  |d 12130